000 00426cam a22001217a 4500
008 180718b1977 xxu||||| |||| 00| 0 eng d
082 _aI513084 In2/1977
245 _aCentral secretariat manual of procedure
_cby Department of Personnel and Administrative Reforms
250 _a7th
260 _aDelhi
_bController of Publications
_c1977
300 _a236+p.
700 _aIndia. Department of Personnel and Administrative Reforms
999 _c491237
_d491237